| 000 | 00626nam a2200193 i 4500 | ||
|---|---|---|---|
| 001 | 58354 | ||
| 003 | ES-MaACL | ||
| 007 | t| | ||
| 008 | 031022s1982 sp ||||1| spa d | ||
| 100 | 1 |
_aDurand, Gilbert. _946249 |
|
| 245 | 1 | 4 |
_aLas estructuras antropológicas de lo imaginario _b: introducción a la arquetipología general / _cGilbert Durand ; versión de Mauro Armiño. |
| 260 |
_a[Madrid] : _bTaurus, _c[1982] |
||
| 300 |
_a453 p. ; _c22 cm. |
||
| 490 | 1 | _aEnsayistas | |
| 700 | 0 |
_aArmiño, Mauro, _d1944- _922987 |
|
| 830 | 0 |
_aEnsayistas _9177257 |
|
| 852 |
_aES-MaACL _jL-4838 _bR.105122 |
||
| 999 |
_c58354 _d58354 |
||